000 01672nem0a2200301 4500
001 RU\NLR\BIBL_A\012627055
005 20260409065827.0
035 _a(NLR Aleph) 012627055
090 _a12655559
_c12655559
100 _a20211020d1855 |||y0rusy50 ca
101 0 _arus
102 _aRU
120 _abay xx||
123 1 _aа
_b125000
200 1 _aПлан Кронштадской бухты с С.Петербургом и берегами Финского залива
_bКарты
_fграв. и печат. в литогр. А. Беггрова
_gс дозволения его императорского высочества генерал-адмирала
_gс дозволения Военно-топографического депо
206 _a1:125 000 (1,25 км в 1 см), [граф. м-бы в вёрстах, в морских милях, в нем. милях]
210 _aСанкт-Петербург
_cиздание А. Беггрова
_d1855
215 _a1 к
_c2 цв., указ.
_d33х47 (48х61) см
509 0 1 _7ca
_aНевская губа,
_eФинский залив, вост. часть
_92638802
_3RU\NLR\AUTH\5507830
509 0 1 _7ca
_aКотлин,
_eФинский залив
_hостров
_92638705
_3RU\NLR\AUTH\5507733
606 1 _aЗаливы
_jКарты
_92178525
_3RU\NLR\auth_crt\66355
607 _aНевская губа
_jКарты
_91673084
_3RU\NLR\AUTH\66742195
608 _aНавигационные карты
_91710552
_3RU\NLR\AUTH\66762325
608 _aМорские карты
_91039709
_3RU\NLR\AUTH\6682249
852 _aNLR
_bК
_j3-Балт 2/482
_m13710
942 _cMAP
980 _aNB